[Event "21st Dubai Open 2019"]
[Site "Dubai"]
[Date "2019.04.04"]
[Round "4.36"]
[White "Zarkovic, Mila"]
[Black "Shyaamnikhil P"]
[Result "0-1"]
[WhiteElo "2187"]
[BlackElo "2429"]
[Annotator "TA"]
[PlyCount "74"]
[EventDate "2019.04.01"]
[EventType "swiss"]
[EventCountry "UAE"]
[SourceTitle "playchess.com"]
[Source "ChessBase"]
[SourceQuality "1"]

{[%evp 11,74,21,33,0,18,10,4,-29,-23,-47,-43,-43,-39,-79,-58,-53,-51,-53,-53,-50,-16,-14,0,0,0,0,0,-12,-12,-12,-18,-16,-5,-7,62,-58,-54,-73,-73,-73,-74,-76,-78,-85,-79,-88,-92,-91,-94,-1408,-1408,-6211,-6195,-5357,-5325,-5181,-903,-1820,-666,-893,-892,-29987,-6536,-5739,-5531]} 1. e4 c5 2. Nf3 d6 3. d4 cxd4 4. Nxd4 Nf6 5. Nc3 a6 6. h3 e5 7. Nf3 {B90: Sicilian Najdorf: Unusual White 6th moves, 6 Be3 Ng4 and 6 Be3 e5} (7. Nde2 h5 8. Nd5 Nxd5 9. Qxd5 Nc6 10. Qd1 Be6 11. Nc3 Rc8 12. Be3 Ne7 13. Be2 d5 14. exd5 Nxd5 15. Nxd5 Qxd5 {½-½ (26) Wang,H (2730)-Giri,A (2783) St Petersburg 2018}) 7... Qc7 8. Bg5 Nbd7 9. Qe2 $146 {The position is equal.} ({Predecessor:} 9. a4 b6 10. Bd3 h6 11. Bxf6 Nxf6 12. Nh2 h5 13. Nf1 d5 14. Nxd5 Nxd5 15. exd5 {1-0 (27) Djukic,N (2563)-Draskovic,L (2454) Niksic 2016}) 9... h6 10. Bxf6 Nxf6 11. Qc4 Qa5 12. b4 Qd8 13. Nd5 Nxd5 14. Qxd5 Qb6 15. Qb3 Qc6 16. Nd2 b5 17. a4 $36 {[%mdl 2048] Hoping for axb5. White is pushing.} Bd7 {[%cal Rb5a4]} 18. axb5 axb5 19. Ra5 Rxa5 20. bxa5 Be7 21. Bd3 $1 O-O 22. O-O Ra8 ({Black should try} 22... Qc5 $11) 23. Ra1 (23. c4 $14) 23... Bd8 $1 $15 24. c4 {[%cal Rc4b5]} Rxa5 25. Rxa5 Bxa5 26. cxb5 Qc1+ 27. Nf1 {Threatens to win with b6.} Be6 28. Qa4 {[#]} Bb6 $1 29. Qa8+ Kh7 30. Qc6 $2 {[%mdl 8192]} (30. Qa4 $17) 30... Bc5 $19 31. Qa6 Qe1 32. Kh2 Qxf2 33. Qa5 Qg1+ (33... f5 $142 34. Qd2 Qg1+ 35. Kg3 f4+ 36. Kf3 g5) 34. Kg3 {[#]} Bf2+ (34... f5 $142 $1 {[%mdl 512]} 35. Qd2 (35. exf5 Bf2+) 35... f4+ 36. Kf3 g5) 35. Kf3 g5 36. Qc7 {[#]} g4+ $1 {[%mdl 512]} 37. Ke2 (37. hxg4 Bxg4+) 37... Qxg2 {Accuracy: White = 51%, Black = 42%.} 0-1

[Event "21st Dubai Open 2019"]
[Site "Dubai"]
[Date "2019.04.04"]
[Round "4.37"]
[White "Saif, Malek"]
[Black "Haug, Johannes"]
[Result "0-1"]
[WhiteElo "2019"]
[BlackElo "2424"]
[Annotator "TA"]
[PlyCount "76"]
[EventDate "2019.04.01"]
[EventType "swiss"]
[EventCountry "UAE"]
[SourceTitle "playchess.com"]
[Source "ChessBase"]
[SourceQuality "1"]

{[%evp 24,76,-7,0,10,0,15,-24,-31,-145,-149,-237,-252,-230,-235,-244,-252,-212,-208,-411,-381,-638,-626,-833,-500,-507,-507,-501,-496,-500,-495,-475,-482,-548,-466,-470,-452,-553,-541,-593,-591,-683,-677,-1052,-1038,-1593,-1573,-1330,-1472,-1196,-1257,-1703,-1695,-5614,-5539]} 1. e4 e5 2. Nf3 Nc6 3. d4 exd4 4. Bc4 Nf6 5. e5 d5 6. Bb5 Ne4 7. Nxd4 Bd7 8. Bxc6 bxc6 9. O-O Bc5 10. f3 Ng5 11. f4 Ne4 12. c3 {C56: Two Knights: 4 d4 exd4 5 0-0 Nxe4} (12. Be3 Qe7 13. Nd2 Nxd2 14. Qxd2 Bb6 15. Rae1 c5 16. Nf3 d4 17. Bf2 Bb5 18. f5 Bxf1 19. Kxf1 Qd7 20. Qg5 {0-1 (56) Kosteniuk,A (2557)-Muzychuk,M (2544) Huaian 2017}) 12... Bb6 13. Be3 {LiveBook: 5 Games} c5 {[%cal Bc6c5,Bc5d4,Bd4e3,Be3e2][%mdl 32]} 14. Nb3 {The position is equal.} Bc6 15. N1d2 d4 $1 {[%cal Rd4e3]} 16. cxd4 ({Better is} 16. Nxe4 $15 dxe3 17. Ng3) 16... cxd4 $17 17. Qc2 (17. Nxe4 $17 dxe3 18. Nec5) 17... Qd5 $146 ({Predecessor:} 17... Bb5 18. Nxe4 dxe3 19. Rfe1 Qd5 20. Nbc5 {0-1 (32) Thalmeier,B (2026)-Toelly,M (2064) Austria 2017}) 18. Nxe4 {Hoping for Nbc5.} dxe3 19. Nbc5 {[#]} e2 $1 {[%mdl 512]} 20. Rf2 {[#]} (20. Qxe2 Qxe4) 20... Bb5 $1 $40 {[%mdl 128] Black attacks with force.} 21. b4 $2 (21. Re1 {might work better.}) 21... Qd4 22. Rb1 $2 (22. Re1 Qxb4 23. Rfxe2) 22... O-O-O {( -> ...Qd1+). Black is clearly winning.} 23. Nc3 Qxc3 24. Qxc3 Rd1+ 25. Qe1 {[#]} Rhd8 $1 {...Rxb1 is the strong threat.} 26. Rxe2 Bxe2 27. Kf2 {Black must now prevent Rxd1.} Rxe1 28. Rxe1 Bxc5+ 29. bxc5 {[%mdl 4096] Endgame KRB-KR} Bg4 30. Kg3 Be6 31. Re3 Rd2 32. f5 Bxf5 33. a3 Rd3 34. Rxd3 Bxd3 35. Kf4 Kd7 36. Ke3 Bb5 37. Kd4 Ke6 38. g4 g5 {Precision: White = 24%, Black = 84%.} 0-1

[Event "21st Dubai Open 2019"]
[Site "Dubai"]
[Date "2019.04.04"]
[Round "4.38"]
[White "Manush Shah"]
[Black "Jeet, Jain"]
[Result "1/2-1/2"]
[WhiteElo "2405"]
[BlackElo "2219"]
[Annotator "TA"]
[PlyCount "36"]
[EventDate "2019.04.01"]
[EventType "swiss"]
[EventCountry "UAE"]
[SourceTitle "playchess.com"]
[Source "ChessBase"]
[SourceQuality "1"]

{[%evp 20,36,0,0,0,-9,-13,-25,0,0,35,0,12,11,6,-16,0,-8,39]} 1. d4 d5 2. c4 e6 3. e3 Nf6 4. Nf3 b6 5. Nc3 Bb7 6. cxd5 exd5 7. Bd3 Bd6 8. O-O O-O 9. Qc2 {E14: Queen's Indian: Classical Variation (4 e3)} (9. b3 Nbd7 10. Bb2 a6 11. Rc1 Ne4 12. Ne2 Qe7 13. Qc2 Rac8 14. Ng3 f5 15. Qe2 b5 16. Rc2 c6 17. Rfc1 Rce8 18. Nf1 Qf6 19. Ne1 Qh6 20. Rd1 Re6 {½-½ (28) Li,C (2739)-Schroeder,J (2552) Germany 2017}) 9... c5 10. b3 Nc6 11. a3 {LiveBook: 3 Games} g6 12. Bb2 cxd4 13. exd4 a6 $146 ({Predecessor:} 13... Rc8 14. Rae1 Nh5 15. g3 Ng7 16. Qd2 Ne6 {0-1 (38) Wyder,B (2017)-Evstigneev,S (2291) ICCF email 2012}) 14. Rfe1 Qc7 15. g3 Rfe8 {The position is equal.} 16. b4 b5 17. Qd2 Bf8 18. Bf1 Ne4 1/2-1/2

[Event "21st Dubai Open 2019"]
[Site "Dubai"]
[Date "2019.04.06"]
[Round "5.1"]
[White "Raghunandan, Kaumandur Srihari"]
[Black "Indjic, Aleksandar"]
[Result "1/2-1/2"]
[WhiteElo "2370"]
[BlackElo "2592"]
[Annotator "TA"]
[PlyCount "119"]
[EventDate "2019.04.01"]
[EventType "swiss"]
[EventCountry "UAE"]
[SourceTitle "playchess.com"]
[Source "ChessBase"]
[SourceQuality "1"]

{[%evp 9,119,26,26,20,32,29,27,27,34,32,35,0,35,28,36,32,31,29,34,30,37,6,35,35,51,0,10,0,13,12,16,12,29,31,29,25,27,27,0,0,9,0,0,0,91,8,31,30,202,0,0,0,0,0,0,0,0,0,0,0,0,0,0,-16,-17,-27,-16,-34,-16,-31,-31,-101,-92,-100,-62,-64,-64,-72,-69,-70,-45,-47,-45,-45,-47,-48,-48,-48,-32,-32,-36,-33,-31,-50,-32,-32,-32,-41,-8,-8,-8,-8,-8,-73,-73,-73,-73,-73,-73,-73,-73,-73]} 1. d4 Nf6 2. c4 e6 3. Nf3 a6 4. Nc3 d5 5. cxd5 exd5 6. Bg5 {D37: Queen's Gambit Declined: 5 Bf4} Be6 7. e3 Nbd7 8. Bd3 {White has an edge.} Bd6 9. O-O c6 10. Qc2 h6 (10... Qc7 11. Rfe1 O-O 12. a3 Bg4 13. Bh4 Bh5 {0-1 (35) Mamedyarov,S (2817)-Maghsoodloo,P (2688) St Petersburg 2018}) 11. Bf4 Qb8 12. Bxd6 Qxd6 13. h3 O-O 14. Na4 $146 ({Predecessor:} 14. a3 Rfe8 15. Rfe1 Re7 16. b4 {½-½ (16) Flumbort,A (2435)-Erdos,V (2622) Hungary 2018}) 14... Rfe8 15. Nd2 a5 16. Rac1 Re7 17. Nc5 Nxc5 18. Qxc5 Qc7 19. Rfe1 Kh8 20. a4 g5 21. Nf3 Rg8 22. Ne5 Ree8 23. b4 axb4 24. Qxb4 g4 $1 25. h4 g3 26. f4 Rg7 (26... Ng4 $11) 27. a5 (27. f5 $16 Bd7 28. Rf1) 27... Ng4 28. a6 Qd8 $2 {[#]} (28... bxa6 $11 {and Black is okay.} 29. Rxc6 Qd8 30. Nxg4 Rxg4) 29. axb7 $2 (29. f5 $1 $18 {[%cal Rf5e6]} Nf2 30. fxe6 Qxh4 31. Kf1 Nxd3 32. Nxd3 Qh1+ 33. Ke2 Qxg2+ 34. Kd1 bxa6 35. exf7 (35. Rxc6 fxe6 36. Qd2 Qe4 $14) 35... Qf3+ 36. Kd2 Qxf7 37. Nf4 (37. Rxc6 g2 $11)) 29... Nxe5 $1 $11 30. b8=Q (30. fxe5 {is a self mate.} Qxh4 31. b8=R {[#]} Bg4 $1 {[%mdl 512]} 32. Rxe8+ Rg8 33. Rxg8+ Kxg8 34. Qb8+ Kg7 35. Qg8+ Kxg8 36. Bh7+ Kxh7 37. Rxc6 Qh2+ 38. Kf1 Qh1#) 30... Qxb8 31. Qxb8 Rxb8 32. dxe5 Bd7 33. e4 Rg4 34. exd5 cxd5 35. Rc7 Be8 36. f5 Rd4 37. Bf1 Rxh4 38. Rc3 Rg4 39. e6 Kg7 40. exf7 ({Better is} 40. Be2 $15 Re4 41. Rxg3+ Kf6 42. Kf1) 40... Bxf7 $17 41. f6+ {[%mdl 64] Decoy} Kxf6 42. Rf3+ $1 Kg7 43. Re7 Rf8 44. Ree3 Bh5 45. Rxg3 Rxg3 46. Rxg3+ $15 {[%mdl 4096] Endgame KRB-KRB} Kf6 47. Rh3 Kg5 48. Rd3 Rf5 49. g4 Bxg4 {Strongly threatening ...Bf3.} 50. Bg2 Kh4 {...Be2 is the strong threat.} 51. Rxd5 Rf6 52. Rd4 h5 53. Rb4 Rd6 54. Bf3 Rd3 (54... Rd2 {keeps more tension.} 55. Bxg4 hxg4 56. Rb3 Ra2 57. Kf1 Kg5) 55. Bxg4 $1 hxg4 56. Rb1 (56. Rb2 $1 $11) 56... Kg3 {Black is better.} 57. Ra1 Rb3 58. Rc1 Kh3 59. Ra1 g3 60. Rc1 {Accuracy: White = 60%, Black = 52%.} 1/2-1/2

[Event "21st Dubai Open 2019"]
[Site "Dubai"]
[Date "2019.04.06"]
[Round "5.2"]
[White "Abdusattorov, Nodirbek"]
[Black "Le, Quang Liem"]
[Result "1/2-1/2"]
[WhiteElo "2578"]
[BlackElo "2711"]
[Annotator "TA"]
[PlyCount "127"]
[EventDate "2019.04.01"]
[EventType "swiss"]
[EventCountry "UAE"]
[SourceTitle "playchess.com"]
[Source "ChessBase"]
[SourceQuality "1"]

{[%evp 27,127,11,54,0,0,-2,0,0,25,22,27,33,48,54,55,45,61,50,58,52,135,118,128,98,123,70,76,31,45,53,59,20,34,36,33,21,25,28,23,27,57,47,53,35,72,19,26,19,19,19,17,17,19,19,19,10,17,0,0,0,12,5,111,74,95,36,23,35,132,22,28,0,0,0,0,0,0,0,0,0,0,0,0,0,0,0,0,0,0,0,0,0,0,0,0,0,0,0,0,0,0,0]} 1. e4 c5 2. Nf3 Nc6 3. d4 cxd4 4. Nxd4 Nf6 5. Nc3 e5 6. Ndb5 {[%cal Bd4b5,Bb5a3,Ba3c2][%mdl 32]} d6 7. Bg5 a6 8. Na3 b5 9. Nd5 Be7 10. Bxf6 Bxf6 11. c4 b4 12. Nc2 a5 13. Qf3 {B33: Sicilian: Pelikan and Sveshnikov Variations} (13. g3) 13... Bg5 14. h4 Bh6 {LiveBook: 24 Games} (14... Be7 $5) 15. g3 (15. g4 $1 $14 f6 16. g5 fxg5 17. Qh5+ Kf8 18. Bh3) 15... O-O 16. Bh3 Be6 {[#]} 17. Kf1 $146 ({Predecessor:} 17. Rd1 a4 18. Kf1 Qb8 19. b3 axb3 20. axb3 {0-1 (56) Sethuraman,S (2623)-Matlakov,M (2701) Moscow 2017}) 17... g6 18. Kg2 Rb8 19. Rad1 Bg7 20. h5 Rb7 21. b3 Rd7 22. Qe3 Qe8 23. Qg5 f6 (23... f5 $14) 24. Bxe6+ Qxe6 25. Qh4 $1 f5 26. hxg6 (26. Nce3 $16) 26... Qxg6 $14 27. Qh5 fxe4 28. Qxg6 hxg6 29. Rde1 Rdf7 30. Rhf1 Rf3 31. Rxe4 Rd3 32. Re2 Bh6 33. Rh1 Kg7 34. Nc7 $1 {[%cal Rc7e6]} Rh8 35. Rb1 Kf7 36. Ne1 (36. Nb5 $16) 36... Nd4 $1 $11 37. Nxd3 Nxe2 38. Rh1 Nc3 39. Nb5 Ke6 40. a4 Bg7 41. Re1 Kd7 42. f4 exf4 43. Nxf4 Rh6 44. Rf1 Ne4 (44... g5 $11 {remains equal.} 45. Nd5 Be5) 45. Nd5 Ng5 {[#]} 46. c5 (46. Rd1 $1 $16) 46... dxc5 $14 47. Nb6+ Ke6 {[#]} ({Black should try} 47... Kc6 $14 48. Nc4 Kd5) 48. Nc4 (48. Re1+ $1 $16 Kf5 49. Nd6+ Kg4 50. Rf1) 48... Be5 49. Rf8 {Hoping for Re8+.} (49. Rc1 $5 {[%cal Rc4e5]}) 49... Rh8 $1 {[%cal Rh8f8] The position is equal.} 50. Rxh8 Bxh8 51. Nxa5 $11 {[%mdl 4096] Endgame KBN-KNN} Kd7 52. Nc4 Kc6 53. Kf2 Nf7 54. Ke3 Be5 55. g4 Bb8 56. Na5+ Kd5 {And now ...Ne5 would win.} (56... Kb6 $5 57. Nc4+ $8 Kc6 $11) 57. Nc4 Nh6 58. Kf3 Ng8 59. Ne3+ Kc6 60. Ke4 Nf6+ 61. Kf3 $1 Nh7 62. Nc4 Nf6 63. Ne3 Nh7 64. Ke4 {Accuracy: White = 55%, Black = 62%.} 1/2-1/2

[Event "21st Dubai Open 2019"]
[Site "Dubai"]
[Date "2019.04.06"]
[Round "5.3"]
[White "Matlakov, Maxim"]
[Black "Bellahcene, Bilel"]
[Result "1-0"]
[WhiteElo "2692"]
[BlackElo "2538"]
[Annotator "TA"]
[PlyCount "49"]
[EventDate "2019.04.01"]
[EventType "swiss"]
[EventCountry "UAE"]
[SourceTitle "playchess.com"]
[Source "ChessBase"]
[SourceQuality "1"]

{[%evp 26,49,18,12,45,2,6,18,45,42,107,104,111,126,260,260,254,254,372,376,376,375,421,427,415,393]} 1. c4 e6 2. Nc3 d5 3. d4 Bb4 4. a3 Bxc3+ 5. bxc3 Nf6 6. cxd5 exd5 7. e3 O-O 8. Bd3 c5 9. Ne2 b6 10. O-O Ba6 11. f3 Re8 12. Ng3 Bxd3 13. Qxd3 Nc6 14. Bb2 h5 {E49: Nimzo-Indian: Rubinstein: 5 Bd3 d5 6 a3 Bxc3+ 7 bxc3} 15. Rae1 h4 16. Nf5 Nh5 {The position is equal.} (16... h3 17. gxh3 Ne7 18. dxc5 bxc5 19. c4 dxc4 20. Nxe7+ Qxe7 21. Qxc4 Rab8 22. Rf2 {0-1 (40) Navara,D (2740)-Alekseev,E (2616) Katowice 2017}) 17. e4 h3 $146 {[#]} (17... Qf6 $14) ({Predecessor:} 17... cxd4 18. cxd4 h3 19. g3 Qd7 20. e5 Na5 21. Bc1 g6 22. Nh6+ Kh7 23. g4 Ng7 24. f4 Kxh6 25. Qxh3+ Nh5 26. g5+ {1-0 (26) Szabo,G (2548)-Paschall,W (2377) Zalakaros 2016}) 18. g3 $1 $16 Ne7 19. e5 Qd7 (19... Nxf5 $16 20. Qxf5 {[%mdl 64] Double Attack} g6 21. Qxh3 Ng7) 20. Nd6 $18 Rf8 {[#]} 21. Nxf7 $1 {[%mdl 512]} c4 (21... Qf5 {is a better defense.} 22. Qxf5 Nxf5) (21... Rxf7 22. e6) 22. Qc2 Rxf7 23. e6 {[%mdl 64] Double Attack} Qd6 {White must now prevent ...Rf6.} 24. exf7+ Kxf7 25. Re5 {Accuracy: White = 87%, Black = 32%.} 1-0

[Event "21st Dubai Open 2019"]
[Site "Dubai"]
[Date "2019.04.06"]
[Round "5.4"]
[White "Kuzubov, Yuriy"]
[Black "Santos Ruiz, Miguel"]
[Result "1-0"]
[WhiteElo "2653"]
[BlackElo "2555"]
[Annotator "TA"]
[PlyCount "79"]
[EventDate "2019.04.01"]
[EventType "swiss"]
[EventCountry "UAE"]
[SourceTitle "playchess.com"]
[Source "ChessBase"]
[SourceQuality "1"]

{[%evp 9,79,-8,-8,-17,-20,-29,-12,-10,-8,-17,-2,-12,-10,-3,-19,-49,-12,-14,0,0,0,0,0,2,20,14,37,37,27,11,24,22,41,18,21,1,45,39,40,25,55,46,93,16,113,141,123,139,212,227,90,111,181,10,202,150,217,204,202,178,177,55,55,55,58,55,653,631,29989,29990,29998,29999]} 1. Nf3 d5 2. g3 g6 3. c4 dxc4 4. Na3 Bg7 5. Nxc4 Nc6 6. Bg2 {A09: Réti Opening: 1 Nf3 d5 2 c4} e5 7. d3 Nge7 8. Bd2 {The position is equal.} a5 9. h4 h6 10. Qc1 Be6 11. O-O Qd7 12. Re1 $146 Ra7 13. b3 Nf5 14. Bc3 {[%cal Rc4e5]} f6 $1 15. e4 $36 {[%mdl 2048] Black is under pressure.} Nfd4 16. Nxd4 exd4 17. Bd2 h5 18. a4 O-O 19. f4 Nb4 20. Bxb4 axb4 21. Qd2 c5 22. Rac1 Ra6 23. Kh2 Bh6 24. Qe2 Kg7 25. Rc2 Kh7 {[#]} 26. Qf1 (26. f5 $1 $16 {[%mdl 512]} Bf7 (26... gxf5 27. exf5) 27. Bh3) 26... b5 (26... g5 $11 {keeps the balance.}) 27. axb5 $16 Qxb5 {[#]} 28. f5 $1 {[%cal Rf5e6]} gxf5 (28... Bf7 $16) 29. exf5 $18 Bxc4 ({Black should play} 29... Bf7 $18 30. Re7 Qb8) 30. Rxc4 $16 Be3 (30... Ra7 $16 {was worth a try.}) 31. Rc2 $2 (31. Qf3 $18 Kh6 32. Rxe3 dxe3 33. Qxe3+ {[%mdl 64] Double Attack} Kg7 34. Re4 (34. Rxc5 Qd7 $16)) 31... Qb6 $2 (31... Kh6 $11) 32. Bd5 Qd6 (32... Qa7 $16 {was called for.} 33. Qf3 Kh6) 33. Qf3 $18 Kh6 34. Kh3 Ra7 35. Ree2 (35. Rg2 $18) 35... Re8 $1 $14 36. Rg2 Ree7 $1 37. Ra2 Rxa2 $4 {[%mdl 8192]} (37... Qb8 $14) 38. Rxa2 $18 {Black must now prevent Ra8.} Bc1 39. Ra8 Re3 {[#]} 40. Qxh5+ $1 {[%mdl 512] Accuracy: White = 67%, Black = 23%.} 1-0

[Event "21st Dubai Open 2019"]
[Site "Dubai"]
[Date "2019.04.06"]
[Round "5.5"]
[White "Deepan Chakkravarthy J."]
[Black "Mareco, Sandro"]
[Result "1-0"]
[WhiteElo "2534"]
[BlackElo "2651"]
[Annotator "TA"]
[PlyCount "77"]
[EventDate "2019.04.01"]
[EventType "swiss"]
[EventCountry "UAE"]
[SourceTitle "playchess.com"]
[Source "ChessBase"]
[SourceQuality "1"]

{[%evp 9,77,0,-11,-15,-13,-18,-5,-20,11,-10,-10,-12,-13,-20,-4,-17,-23,-25,-15,-20,-3,-21,-19,-28,0,-29,-32,-60,-52,-112,-110,-97,-69,-84,-60,-68,-42,-66,0,-7,-19,-40,0,0,70,36,164,7,90,0,94,0,287,272,281,276,483,434,878,878,870,857,858,415,797,811,2081,2006,29994,29995]} 1. d4 Nf6 2. Bg5 d5 3. e3 c6 4. Nd2 g6 (4... Bg4 5. Ngf3 Nbd7 6. c4 e6 7. Bd3 Be7 8. Qb3 Qb6 9. Qc2 Bh5 10. O-O Bg6 11. c5 Qd8 12. b4 Bxd3 13. Qxd3 {1-0 (62) Artemiev,V (2692)-Radjabov,T (2742) Tbilisi 2017}) 5. Bxf6 exf6 6. g3 {D00: 1 d4 d5: Unusual lines} Nd7 7. Bg2 Nb6 8. Ne2 {The position is equal.} Bd6 9. a4 $146 ({Predecessor:} 9. Rc1 O-O 10. O-O Be6 11. e4 dxe4 12. Nxe4 {0-1 (40) Garcia Paolicchi,R (2176)-Supi,L (2548) Batumi 2018}) 9... a5 10. O-O O-O 11. Nf4 Bxf4 (11... Bf5 {looks sharper.} 12. b3 Bb4 13. Ne2 Re8 14. c3 Bd6) 12. gxf4 Re8 13. Re1 Bf5 14. b3 Qe7 15. Nf1 Be6 16. Qd2 Nc8 17. Ng3 Nd6 18. Kh1 h5 19. Rg1 (19. f3 $15) 19... h4 $17 20. Ne2 Bg4 {Threatens to win with ...h3.} 21. h3 Ne4 22. Qe1 Bf5 (22... Bxe2 $5 23. Qxe2 c5 24. dxc5 Rac8 $15) 23. Kh2 {[#]} Rac8 (23... Nxf2 $1 $15 {[%mdl 512]} 24. Qxf2 Qxe3 25. Qxe3 Rxe3) 24. c4 $11 dxc4 25. bxc4 c5 26. d5 Kh7 (26... Nd6 $11) 27. Ra2 g5 ({Black should play} 27... Nd6 $14) 28. Rb2 $2 ({Only move:} 28. fxg5 $1 $18 fxg5 29. Bxe4 Bxe4 30. f4 gxf4 31. Rg4 (31. exf4 Bf3 $11) (31. Nxf4 Rg8 $16) 31... fxe3 32. Nf4 (32. Rxh4+ Kg7 $16)) 28... Rg8 (28... Nd6 $11 {keeps the balance.}) 29. Rb6 (29. Nc3 $16) 29... Rg6 {[#]} (29... Nd6 $11) 30. Nc3 (30. f3 $1 $16 {[%cal Rf3e4]} Nd6 31. e4) 30... Nd6 $2 {[%mdl 8192]} (30... Nxc3 $11 {and Black stays safe.} 31. Qxc3 gxf4 32. exf4 Rcg8) 31. e4 $18 Bd7 {[#]} 32. e5 $1 {[%cal Re5d6]} Nxc4 $2 (32... fxe5 33. fxe5 (33. Qxe5 Re8 $16) 33... Nxc4 34. Rxg6 fxg6) 33. Rxb7 gxf4 (33... fxe5 $142 34. Be4 Nd6) 34. e6 $1 Ne5 35. Be4 ({Less strong is} 35. Rxd7 Nxd7 36. exd7 Qxd7 $16) 35... f5 36. Rxd7 ({Not} 36. exd7 Rd8 $16) (36. Bxf5 $142 Nf3+ 37. Kh1 Nxe1 38. Rxd7 Qxd7 39. exd7) 36... Nxd7 (36... Qf6 $142 37. Rxg6 Kxg6) 37. Bxf5 Nf8 38. Qe5 fxe6 39. Bxg6+ {Accuracy: White = 25%, Black = 22%.} 1-0

[Event "21st Dubai Open 2019"]
[Site "Dubai"]
[Date "2019.04.06"]
[Round "5.6"]
[White "Sethuraman, S.P."]
[Black "Yeoh, Li Tian"]
[Result "0-1"]
[WhiteElo "2624"]
[BlackElo "2522"]
[Annotator "TA"]
[PlyCount "70"]
[EventDate "2019.04.01"]
[EventType "swiss"]
[EventCountry "UAE"]
[SourceTitle "playchess.com"]
[Source "ChessBase"]
[SourceQuality "1"]

{[%evp 13,70,27,25,18,18,0,0,-4,-12,-20,-78,-60,-64,-127,-153,-235,-241,-293,-314,-269,-265,-439,-434,-420,-430,-427,-426,-420,-400,-538,-509,-518,-518,-535,-533,-585,-579,-579,-573,-1080,-1114,-2012,-1985,-1861,-1576,-2089,-864,-6087,-29950,-1890,-820,-987,-931,-982,-897,-1491,-1367,-6103,-4802]} 1. e4 c6 2. d4 d5 3. e5 Bf5 4. h4 h6 5. g4 Be4 6. f3 Bh7 7. e6 Qd6 8. exf7+ $1 {B12: Caro-Kann: Advance Variation} Kxf7 9. Ne2 (9. Bd3 Bxd3 10. Qxd3 Nd7 11. h5 e5 12. f4 exd4 13. Qf5+ Ngf6 14. g5 hxg5 15. fxg5 Qg3+ {0-1 (40) Fedoseev,V (2724)-Tabatabaei,M (2577) Moscow 2018}) 9... Nd7 10. Nbc3 {The position is equal.} e5 11. Be3 Re8 12. Bg2 exd4 13. Qxd4 (13. Bxd4 $15 Ngf6 14. O-O) 13... Bxc2 $146 ({Predecessor:} 13... Qe6 14. Qf4+ Ngf6 15. Bf2 Bd6 {0-1 (35) Zamora Perera,G-Brito Zamora,A Cuba 1993}) 14. Qxa7 (14. O-O $17 {was called for.}) 14... Qb4 $19 15. a3 Qxb2 16. O-O Ngf6 $1 17. Bf2 $2 {[#]} (17. Ra2 Qb3 18. Rfa1) 17... Bc5 $1 {[%mdl 512]} 18. Bxc5 {Hoping for Ra2.} Ra8 19. Ra2 {[#]} Qb3 $1 20. Nc1 {[#]} Qc4 $1 (20... Qxc3 21. Bb4 $17) 21. Qxb7 {Threatens to win with Qb4.} Qxc5+ {[%mdl 64] Double Attack} 22. Rf2 Rab8 ({Not} 22... Qxc3 23. Raxc2 Qe3 24. Kf1 $15) 23. Qc7 Bb1 ({Less strong is} 23... Qxc3 24. Raxc2 Qe3 25. Ne2 $15) 24. g5 hxg5 25. hxg5 Qxc3 26. gxf6 Qxc1+ 27. Rf1 Qe3+ 28. Raf2 Bf5 29. fxg7 Rhc8 (29... Rh6 $142 30. Qa5 Qf4) 30. Qg3 Rg8 31. Qd6 Qe6 (31... Rxg7 $142 32. Qh2 Ne5) 32. Qf4 Qe5 33. Qc1 Qf6 34. a4 Rxg7 35. a5 Bh3 {Accuracy: White = 29%, Black = 83%.} 0-1